South Eastern Kenya University

Library Online Public Access Catalogue


Treatment of voice disorders (Record no. 4046)

MARC details
000 -LEADER
fixed length control field 00833cam a22002657a 4500
001 - CONTROL NUMBER
control field 14259850
003 - CONTROL NUMBER IDENTIFIER
control field OSt
005 - DATE AND TIME OF LATEST TRANSACTION
control field 20150623113009.0
008 - FIXED-LENGTH DATA ELEMENTS--GENERAL INFORMATION
fixed length control field 060209s2005 caua b 001 0 eng d
010 ## - LIBRARY OF CONGRESS CONTROL NUMBER
LC control number 2005905964
020 ## - INTERNATIONAL STANDARD BOOK NUMBER
International Standard Book Number 1597560405 (pbk.)
040 ## - CATALOGING SOURCE
Original cataloging agency SEKU
050 00 - LIBRARY OF CONGRESS CALL NUMBER
Classification number RF 510
Item number .S28
100 1# - MAIN ENTRY--PERSONAL NAME
Personal name Sataloff, Robert Thayer.
245 10 - TITLE STATEMENT
Title Treatment of voice disorders
Statement of responsibility, etc. Robert Thayer Sataloff.
260 ## - PUBLICATION, DISTRIBUTION, ETC. (IMPRINT)
Place of publication, distribution, etc. San Diego :
Name of publisher, distributor, etc. Plural Pub.,
Date of publication, distribution, etc. c2005.
300 ## - PHYSICAL DESCRIPTION
Extent 435 p. :
Other physical details ill. (some col.) ;
504 ## - BIBLIOGRAPHY, ETC. NOTE
Bibliography, etc Includes bibliographical references and index.
650 #0 - SUBJECT ADDED ENTRY--TOPICAL TERM
Topical term or geographic name as entry element Voice disorders
General subdivision Treatment.
650 #0 - SUBJECT ADDED ENTRY--TOPICAL TERM
Topical term or geographic name as entry element Voice disorders.
740 0# - ADDED ENTRY--UNCONTROLLED RELATED/ANALYTICAL TITLE
Uncontrolled related/analytical title Voice science.
740 0# - ADDED ENTRY--UNCONTROLLED RELATED/ANALYTICAL TITLE
Uncontrolled related/analytical title Clinical assessment of voice.
856 42 - ELECTRONIC LOCATION AND ACCESS
Uniform Resource Identifier <a href="http://www.pluralpublishing.com/publications%5Ftovd.htm">http://www.pluralpublishing.com/publications%5Ftovd.htm</a>
Public note Publisher's information
942 ## - ADDED ENTRY ELEMENTS (KOHA)
Source of classification or shelving scheme Library of Congress Classification
Koha item type General circulation
Holdings
Withdrawn status Lost status Source of classification or shelving scheme Damaged status Not for loan Home library Current library Shelving location Date acquired Source of acquisition Cost, normal purchase price Total Checkouts Full call number Barcode Date last seen Cost, replacement price Price effective from Koha item type
    Library of Congress Classification     Main Campus Library Main Campus Library General Stacks 23/06/2015 Donation-Books for Africa 8502.00   RF 510 .S28 2015/000395 23/06/2015 9005.00 23/06/2015 General circulation
Kitui, Kenya.
+254736116989
library@seku.ac.ke